Movies Quiz

Random Movies or Cast Quiz

Cast of Pulp Fiction (Clickable) Quiz Stats

 Plays Quiz not verified by Sporcle

Challenge
Share
Tweet
Embed
Score 0/13 Timer 05:00
0 Plays Today
% Correct
John Travolta
98.1%
Bruce Willis
97.3%
Samuel L. Jackson
96.7%
Uma Thurman
94.1%
Christopher Walken
93.1%
Quentin Tarantino
92.8%
Harvey Keitel
92.1%
Tim Roth
88.7%
Ving Rhames
86%
Amanda Plummer
80%
Eric Stoltz
79.8%
Rosanna Arquette
79.1%
Maria de Medeiros
72.3%

You're not logged in!

Compare scores with friends on all Sporcle quizzes.
Join for Free
OR
Log In

You Might Also Like...

Show Comments

Extras

Top Quizzes Today


Score Distribution

Your Account Isn't Verified!

In order to create a playlist on Sporcle, you need to verify the email address you used during registration. Go to your Sporcle Settings to finish the process.

Report this User

Report this user for behavior that violates our Community Guidelines.

Details: